Normal view
MARC view
Entry Topical Term
001 - CONTROL NUMBER
- control field: 16325
003 - CONTROL NUMBER IDENTIFIER
- control field: OSt
005 - DATE AND TIME OF LATEST TRANSACTION
- control field: 20220908160411.0
008 - FIXED-LENGTH DATA ELEMENTS
- fixed length control field: 220908|| aca||aabn | a|a d
040 ## - CATALOGING SOURCE
- Original cataloging agency: OSt
- Transcribing agency: OSt
150 ## - HEADING--TOPICAL TERM
- Topical term or geographic name entry element: Shฤซสปah -- Doctrines.
670 ## - SOURCE DATA FOUND
- Source citation: Work cat.: (OSt): Mลซsavฤซ Lฤrฤซ, Mujtabรก 16324, God and his attributes :, ยฉ1989
